[Event "Troisdorf op "]
[Site "Troisdorf"]
[Date "2010.12.07"]
[Round "7"]
[White "Hiendl, David"]
[Black "Brunsch, Swen Holger"]
[Result "1/2-1/2"]
[WhiteElo "1500"]
[BlackElo "1441"]
[PlyCount "84"]
[EventDate "2010.10.26"]
[EventType "swiss"]
[EventRounds "7"]
[EventCountry "GER"]
[SourceTitle "EXT 2013"]
[Source "ChessBase"]
[SourceDate "2012.11.22"]
[SourceVersion "1"]
[SourceVersionDate "2012.11.22"]
[SourceQuality "1"]

1. e4 c6 2. d4 Nf6 3. Nc3 d6 4. Nf3 Bg4 5. h3 Bxf3 6. Qxf3 Nbd7 7. Bc4 e6 8. 0-0 Qb6 9. d5 Ne5 10. Qe2 Nxc4 11. Qxc4 e5 12. dxc6 Qxc6 13. Qxc6+ bxc6 14. Be3 Be7 15. Rfd1 0-0 16. f3 Rfd8 17. Na4 d5 18. exd5 cxd5 19. c3 Rd7 20. Rd2 h6 21. Nc5 Rc7 22. Nb3 Rd8 23. Rad1 Kf8 24. f4 e4 25. Nd4 Bc5 26. Nf5 g6 27. Bxc5+ Rxc5 28. Nxh6 Nh5 29. Ng4 Nxf4 30. Ne3 f5 31. c4 d4 32. g3 Nd3 33. Rxd3 exd3 34. Rxd3 Ke8 35. Nc2 Rxc4 36. Rd2 d3 37. Ne1 Rc1 38. Kf2 Rd4 39. Nxd3 Rxd3 40. Rxd3 Rc2+ 41. Kf3 Rxb2 42. Ra3 Rb7 1/2-1/2

[Event "Troisdorf op "]
[Site "Troisdorf"]
[Date "2010.11.26"]
[Round "6"]
[White "Brunsch, Swen Holger"]
[Black "Bonus, Christian"]
[Result "1/2-1/2"]
[WhiteElo "1441"]
[BlackElo "1585"]
[PlyCount "92"]
[EventDate "2010.10.26"]
[EventType "swiss"]
[EventRounds "7"]
[EventCountry "GER"]
[SourceTitle "EXT 2013"]
[Source "ChessBase"]
[SourceDate "2012.11.22"]
[SourceVersion "1"]
[SourceVersionDate "2012.11.22"]
[SourceQuality "1"]

1. d4 Nf6 2. Nf3 d5 3. h3 Nc6 4. Bf4 Ne4 5. e3 e6 6. c3 Be7 7. Nbd2 0-0 8. Bb5 Bd7 9. Bd3 Nxd2 10. Qxd2 f5 11. Bb5 a6 12. Bxc6 Bxc6 13. 0-0 Bb5 14. Rfc1 c5 15. b3 c4 16. Rab1 Ba3 17. Rc2 Rc8 18. Ne5 g5 19. Bh2 Rf6 20. f4 h6 21. Qe1 Bd6 22. Nf3 cxb3 23. axb3 Bd3 24. Rbc1 Bxc2 25. Rxc2 Rg6 26. fxg5 Bxh2+ 27. Kxh2 hxg5 28. Ne5 Rh6 29. Kg1 Qf6 30. c4 dxc4 31. Qb4 b5 32. bxc4 bxc4 33. Rxc4 Rxc4 34. Qxc4 f4 35. Ng4 Qg6 36. Nxh6+ Qxh6 37. exf4 gxf4 38. Qxa6 Qf6 39. Qc4 Kg7 40. Qc5 Kg6 41. Qd6 Kh5 42. Qc5+ Kh4 43. Qc3 Qf5 44. Kf2 Qg5 45. Qf3 Qf5 46. Qe2 Qg6 1/2-1/2

[Event "Troisdorf op "]
[Site "Troisdorf"]
[Date "2010.10.26"]
[Round "1"]
[White "Brunsch, Swen Holger"]
[Black "Spira, Uwe"]
[Result "0-1"]
[WhiteElo "1441"]
[BlackElo "1759"]
[PlyCount "128"]
[EventDate "2010.10.26"]
[EventType "swiss"]
[EventRounds "7"]
[EventCountry "GER"]
[SourceTitle "EXT 2013"]
[Source "ChessBase"]
[SourceDate "2012.11.22"]
[SourceVersion "1"]
[SourceVersionDate "2012.11.22"]
[SourceQuality "1"]

1. d4 Nf6 2. Nf3 g6 3. Bf4 Bg7 4. h3 d5 5. e3 0-0 6. Nbd2 b6 7. Be2 c5 8. c3 Nc6 9. Ne5 Bb7 10. Ndf3 Nd7 11. Nxc6 Bxc6 12. 0-0 Re8 13. Ne5 Nxe5 14. dxe5 e6 15. Qc2 Qc7 16. b4 Bxe5 17. Bxe5 Qxe5 18. b5 Bb7 19. Bf3 Qc7 20. Rfe1 Red8 21. Red1 Rd6 22. Rd2 Rad8 23. Qa4 Qb8 24. Rad1 e5 25. Qh4 R8d7 26. Qg3 Qe8 27. Bg4 Rd8 28. Bf3 Ba8 29. a4 Qe7 30. Kf1 Qf6 31. Be2 Bb7 32. h4 Kg7 33. Qg5 h6 34. Qxf6+ Kxf6 35. Ke1 d4 36. cxd4 exd4 37. exd4 Rxd4 38. g3 Ke5 39. f4+ Ke4 40. Bg4 Rxd2 41. Rxd2 Rxd2 42. Kxd2 Bd5 43. Bd1 Kd4 44. h5 gxh5 45. Bxh5 Bb3 46. g4 f6 47. g5 hxg5 48. Be8 Bxa4 49. fxg5 fxg5 50. Bd7 a6 51. Kc1 Bxb5 52. Bg4 Bc4 53. Kb2 b5 54. Ka3 a5 55. Bd1 Be6 56. Be2 Bd7 57. Bd1 b4+ 58. Ka2 a4 59. Ka1 a3 60. Bc2 g4 61. Ka2 g3 62. Ka1 g2 63. Ka2 g1Q 64. Ba4 Qf2+ 0-1

[Event "Troisdorf op"]
[Site "Troisdorf"]
[Date "2009.10.27"]
[Round "1"]
[White "Riefer, Alexander"]
[Black "Brunsch, Swen Holger"]
[Result "1-0"]
[WhiteElo "1791"]
[BlackElo "1433"]
[PlyCount "79"]
[EventDate "2009.10.27"]
[EventType "swiss"]
[EventRounds "7"]
[EventCountry "GER"]
[SourceTitle "EXT 2011"]
[Source "ChessBase"]
[SourceDate "2010.11.26"]
[SourceVersion "1"]
[SourceVersionDate "2010.11.26"]
[SourceQuality "1"]

1. e4 d5 2. exd5 Nf6 3. d4 Nxd5 4. c4 Nf6 5. Bg5 c6 6. Bxf6 exf6 7. Nc3 Be7 8. Nf3 0-0 9. Be2 Bf5 10. 0-0 Na6 11. a3 Nc7 12. Re1 Re8 13. Nh4 Bd7 14. Bd3 Bf8 15. Qc2 g6 16. Rxe8 Nxe8 17. Rd1 Qc8 18. Ne4 Qc7 19. Ng3 Ng7 20. Ne4 Be7 21. Nf3 Re8 22. d5 Nf5 23. g4 Nd6 24. Nxd6 Bxd6 25. c5 Bf8 26. d6 Qc8 27. Nh4 Bxg4 28. f3 Bh3 29. b4 Bh6 30. Kh1 Qe6 31. Qf2 Bf4 32. Ng2 g5 33. Nxf4 gxf4 34. Bxh7+ Kxh7 35. Qh4+ Kg8 36. Rg1+ Bg4 37. Rxg4+ Qxg4 38. Qxg4+ Kf8 39. Qxf4 Re1+ 40. Kg2 1-0

[Event "Troisdorf op"]
[Site "Troisdorf"]
[Date "2008.11.24"]
[Round "7"]
[White "Karwatzki, Hans Juergen"]
[Black "Brunsch, Swen Holger"]
[Result "1-0"]
[WhiteElo "1690"]
[BlackElo "1285"]
[PlyCount "79"]
[EventDate "2008.10.14"]
[EventType "swiss"]
[EventRounds "7"]
[EventCountry "GER"]
[SourceTitle "EXT 2011"]
[Source "ChessBase"]
[SourceDate "2010.11.26"]
[SourceVersion "1"]
[SourceVersionDate "2010.11.26"]
[SourceQuality "1"]

1. e4 d5 2. exd5 Nf6 3. c4 e6 4. dxe6 Bxe6 5. Nf3 Qe7 6. Be2 Bxc4 7. Qa4+ b5 8. Qd1 Bxe2 9. Qxe2 Qxe2+ 10. Kxe2 Bd6 11. d4 0-0 12. Rd1 Nbd7 13. Nc3 a6 14. Kf1 Rfe8 15. a3 Re7 16. a4 b4 17. Ne2 Nd5 18. Ng3 g6 19. Bh6 Rae8 20. Rac1 f6 21. Rc6 Nb8 22. Rcc1 Nd7 23. Nd2 N7b6 24. a5 Na4 25. Nc4 Bxg3 26. hxg3 g5 27. Ra1 Nxb2 28. Nxb2 Kf7 29. Nd3 Kg6 30. Bxg5 fxg5 31. Ne5+ Kg7 32. Rac1 Rf8 33. Re1 Rf6 34. Rc5 Rd6 35. Rb1 h5 36. Rb3 Rf6 37. Rxd5 Rd6 38. Rxd6 cxd6 39. Nc6 Rb7 40. Rxb4 1-0